Deutschland Richtig oder Falsch - Einfach - Statistiken

Allgemein
  • Dieses Quiz wurde 20.024 mal gespielt
  • Das Durchschnittsergebnis liegt bei 13 aus 15
Antwortstatistiken
Frage Antwort % Korrekt
Deutschland grenzt an die Ostsee. Richtig
96%
Es gibt Teile der Autobahn, die keine definierte Geschwindigkeitsbegrenzung haben. Richtig
95%
Die Türken sind die größte ethnische Gruppe in Deutschland, abgesehen von den Deutschen. Richtig
92%
Preußen ist einer der heutigen Staaten Deutschlands. Falsch
91%
Der höchste Berg Deutschlands ist weniger als 1000 Meter hoch. Falsch
91%
Die derzeitige deutsche Regierung ist nach der Wiedervereinigung 1990 als "Fünftes Reich" bekannt. Falsch
90%
Deutschland ist nach Landfläche größer als Frankreich. Falsch
89%
Holocaust-Leugnung ist ein Verbrechen in Deutschland. Richtig
89%
Der östliche Teil Deutschlands ist weniger dicht besiedelt als der Westen. Richtig
88%
Innsbruck ist eine Stadt in Deutschland. Falsch
85%
Der Hauptsitz von Adidas und Puma befinden sich beide in Deutschland. Richtig
85%
Deutschland grenzt an Liechtenstein. Falsch
83%
Im Ersten Weltkrieg trugen deutsche Soldaten die „Pickelhaube“. Richtig
83%
Otto von Bismarck war einer der deutschen Kaiser. Falsch
61%
Kaiser Wilhelm II. war das Enkelkind von Königin Victoria. Richtig
57%
Keine übereinstimmenden Quizze gefunden
Verteilung der Resultate
Anzahl Personen mit jedem Resultat
Perzentil nach korrekt beantworteten Fragen
Ihre Resultats-Entwicklung
Sie haben dieses Quiz noch nicht gespielt